| 000 | 00936nac a22002291u 4500 | ||
|---|---|---|---|
| 010 | _a 97030849 | ||
| 020 | _a0415178983 (hbk) | ||
| 020 | _a0415178991 (pbk) | ||
| 082 | 0 | 0 |
_a363.34 _bWHA |
| 090 |
_c9567 _d9567 |
||
| 100 | _a20080729 | ||
| 245 | 0 | 0 |
_aWhat is a disaster? : _bperspectives on the question / _cedited by E.L. Quarantelli. |
| 260 |
_aLondon : _aNew York : _bRoutledge,1998 _c1998. |
||
| 300 |
_axiii, 312 p. : _bill. ; _c24 cm. |
||
| 500 | _a"In association with the ISA International Research Committee on Disasters"--P. [ii]. | ||
| 504 | _aIncludes bibliographical references (p. 274-299) and index. | ||
| 511 | _acatalogued by: wessam | ||
| 650 | 0 |
_aDisasters _xSocial aspects. |
|
| 700 | 1 |
_aQuarantelli, E. L. _q(Enrico Louis), _d1924- |
|
| 856 | 4 | 2 |
_3Publisher description _uhttp://www.loc.gov/catdir/enhancements/fy0649/97030849-d.html |
| 942 |
_cBB _k363.34WHA |
||
| 999 |
_c9567 _d9567 |
||